Most Educated States Quiz Stats

 Plays Quiz not verified by Sporcle

Challenge
Share
Tweet
Embed
Score 0/10 Timer 03:00
0 Plays Today
Rank State % Correct
10.New York
96.4%
5.Connecticut
94.6%
3.Maryland
93.7%
2.Massachusetts
91%
7.New Jersey
91%
8.Virginia
88.3%
9.New Hampshire
88.3%
6.Vermont
87.4%
4.Colorado
66.7%
1.District of Columbia
49.5%

You're not logged in!

Compare scores with friends on all Sporcle quizzes.
Join for Free
OR
Log In

You Might Also Like...

Show Comments

Extras

Top Quizzes Today


Score Distribution

Your Account Isn't Verified!

In order to create a playlist on Sporcle, you need to verify the email address you used during registration. Go to your Sporcle Settings to finish the process.

Report this User

Report this user for behavior that violates our Community Guidelines.

Details: